000 005830000a22001810004500
003 MACL
005 20160320161954.0
008 160320b xxu||||| |||| 00| 0 eng d
040 _aMACL
_cMACL
041 _aHindi
082 _a004
100 _aशर्मा वरूण कुमार
_947892
245 _aकम्‍प्‍यूटर
_b क्‍या क्‍यों कैसे
260 _aनई दिल्‍ली
_bहिमाचल पुस्‍तक भंडार
_c2009
350 _a80
650 _aComputer
_947893
942 _cHIN
_k004
_2ddc
999 _c47893
_d47893